000 01064nam a22002657a 4500
005 20240530110625.0
008 170102s2014 ua g b 000 0 ara d
017 _a2014/2406
_bمصر. دار الكتب
020 _a9789773832934
040 _aEG-CaGPL
_cEG-CaGPL
082 0 4 _221
_a342.02\
_bع م
100 0 _aعلى يوسف الشكرى
245 1 2 _aالمركز الدستورى لرئيس الجمهورية :
_bدراسة فى الدساتير العربية /
_cعلى يوسف الشكرى
250 _aط. 1
260 _aالقاهرة :
_bايتراك للطباعة و النشر و التوزيع ،
_c2014.
300 _a704 ص. ؛
_c24 سم.
504 _aيشتمل على ارجاعات ببليوجرافية
650 0 7 _2qrmak
_aالدساتير
650 0 7 _2qrmak
_aالقانون الدستورى
650 0 7 _2qrmak
_aالعلوم السياسية
650 0 7 _2qrmak
_aالسلطة التنفيذية
650 0 7 _2qrmak
_aرؤساء الجمهورية
942 _2ddc
_cBK
999 _c63127
_d63127